H.264 and MPEG-4 video compression: video coding for next-generation multimedia (Record no. 9891)

000 -LEADER
fixed length control field 00591 a2200169 4500
020 ## - INTERNATIONAL STANDARD BOOK NUMBER
International Standard Book Number 0470848375
040 ## - CATALOGING SOURCE
Original cataloging agency DLC
Language of cataloging DLC
100 1# - MAIN ENTRY--PERSONAL NAME
Personal name Richardson, Iain E. G.
245 10 - TITLE STATEMENT
Title H.264 and MPEG-4 video compression: video coding for next-generation multimedia
Remainder of title video coding for next-generation multimedia
Statement of responsibility, etc. Iain E.G. Richardson
260 ## - PUBLICATION, DISTRIBUTION, ETC.
Place of publication, distribution, etc. Chichester :
Name of publisher, distributor, etc. Wiley,
Date of publication, distribution, etc. c2003.
300 ## - PHYSICAL DESCRIPTION
Extent xxiv, 281 p. :
Other physical details ill. ;
Dimensions 26 cm.
650 #0 - SUBJECT ADDED ENTRY--TOPICAL TERM
Topical term or geographic name entry element Digital video
General subdivision Standards.
650 #0 - SUBJECT ADDED ENTRY--TOPICAL TERM
Topical term or geographic name entry element Video compression.
650 #0 - SUBJECT ADDED ENTRY--TOPICAL TERM
Topical term or geographic name entry element MPEG (Video coding standard)
650 #0 - SUBJECT ADDED ENTRY--TOPICAL TERM
Topical term or geographic name entry element Coding theory.
942 ## - ADDED ENTRY ELEMENTS (KOHA)
Koha item type Book
Call number prefix 621.388 RIC
Source of classification or shelving scheme
Holdings
Withdrawn status Lost status Damaged status Not for loan Collection code Permanent Location Current Location Shelving location Date acquired Source of acquisition Cost, normal purchase price Total Checkouts Full call number Barcode Date last seen Date last checked out Price effective from Koha item type
          Central Library (CL) Central Library (CL) General Stacks 09/27/2007 Progressive International Agencies 7684.69 1 621.388 RIC SEECS008628 08/16/2015 01/20/2014 01/05/2017 Book
© 2023 Central Library, National University of Sciences and Technology. All Rights Reserved.